The Crisis in Telecommunications Carrier Liability (Record no. 621296)

MARC details
000 -LEADER
fixed length control field 00609nam a22001817a 4500
008 - FIXED-LENGTH DATA ELEMENTS--GENERAL INFORMATION
fixed length control field 260428b |||||||| |||| 00| 0 eng d
020 ## - INTERNATIONAL STANDARD BOOK NUMBER
ISBN 9780792385127
Paper back/Hardbound hbk
041 ## - LANGUAGE CODE
Language code of text/sound track or separate title eng
082 ## - DEWEY DECIMAL CLASSIFICATION NUMBER
Classification number 343.730994 CHE
100 ## - MAIN ENTRY--AUTHOR NAME
Personal name Cherry,Barbara A.
245 ## - TITLE STATEMENT
Title The Crisis in Telecommunications Carrier Liability
Sub Title Historical Regulatory Flaws and Recommended Reform
Statement of responsibility, etc Barbara A. Cherry
260 ## - PUBLICATION, DISTRIBUTION, ETC. (IMPRINT)
Place of publication United States of America
Name of publisher Kluwer Academic Publishers
Year of publication 1999
300 ## - PHYSICAL DESCRIPTION
Number of Pages 131p. :
Dimensions 20cm.
504 ## - BIBLIOGRAPHY, ETC. NOTE
Bibliography, etc Includes bibliographies and index
650 ## - SUBJECT ADDED ENTRY--TOPICAL TERM
Topical Term Military, tax, trade & industrial law
942 ## - ADDED ENTRY ELEMENTS (KOHA)
Koha item type English Books
Holdings
Withdrawn status Lost status Damaged status Not for loan Home library Current library Shelving location Date acquired Full call number Accession Number Price effective from Koha item type
        Anna Centenary Library Anna Centenary Library 4TH FLOOR, A WING 04.09.2010 343.730994 CHE 304114 28.04.2026 English Books

Find us on the map